00862nam a22002297a 450000500170000001000130001702000100003003500130004003700160005304000120006908200260008110000210010724500730012824600390020126000700024027001460031030000510045665000430050765000400055065000200059065000220061020170124102943.0 aA-952444 c60.00 aA-952444 bCen Lib/Ret aDPLbHN a821bसादिक  aसादिक  aगिरते आसमान का बोझ /cसादिक  aGirte aasmaan ka bojh /bby Sadik  aदिल्ली bनवराज प्रकाशन c1997 aD-ब्लाक, ४३९, गली- ४, गामडी एक्सटेंशन भजनपुरा bदिल्ली e110053 a64पृ.c21सेमी (सजिल्द) aउर्दू साहित्य  aग़ज़ल संग्रह  aUrdu literature aGhazal Collection